Neighborhood and life chances (Record no. 42851)
[ view plain ]
| 000 -LEADER | |
|---|---|
| fixed length control field | 01807nam a2200409 a 4500 |
| 082 04 - DEWEY DECIMAL CLASSIFICATION NUMBER | |
| Classification number | 304.2/30973 |
| 245 00 - TITLE STATEMENT | |
| Title | Neighborhood and life chances |
| 260 ## - PUBLICATION, DISTRIBUTION, ETC. (IMPRINT) | |
| Place of publication | Philadelphia : |
| Name of publisher | University of Pennsylvania Press, |
| Year of publication | c2011. |
| 300 ## - PHYSICAL DESCRIPTION | |
| Number of Pages | xv, 368 p. : |
| Other physical details | ill. |
| 490 1# - SERIES STATEMENT | |
| Series statement | City in the twenty-first century |
| 505 0# - FORMATTED CONTENTS NOTE | |
| Formatted contents note | pt. 1. People and places : heath, education, and safety -- pt. 2. Geographies of opportunity -- pt. 3. Moving people out of poverty -- pt. 4. Segregation : the power of place. |
| 650 #0 - SUBJECT ADDED ENTRY--TOPICAL TERM | |
| Topical Term | Cities and towns |
| Topical Term | Neighborhoods |
| Topical Term | Place (Philosophy) |
| 700 1# - ADDED ENTRY--PERSONAL NAME | |
| Personal name | Newburger, Harriet B. |
| Personal name | Birch, Eugenie Ladner. |
| Personal name | Wachter, Susan M. |
| 856 40 - ELECTRONIC LOCATION AND ACCESS | |
| Uniform Resource Identifier | http://site.ebrary.com/lib/rucke/Doc?id=10641568 |
No items available.
